Encyclopedia of the nations. 5 V (Record no. 34523)

MARC details
000 -LEADER
fixed length control field 00500nam a2200181Ia 4500
082 ## - DEWEY DECIMAL CLASSIFICATION NUMBER
Classification number 913(031)(100)
Item number SAC
245 #0 - TITLE STATEMENT
Title Encyclopedia of the nations. 5 V
260 ## - PUBLICATION, DISTRIBUTION, ETC. (IMPRINT)
Place of publication London
Name of publisher New Caxton
Year of publication 1971
505 ## - FORMATTED CONTENTS NOTE
Formatted contents note V 1. United Nations; V 2. Africa; V 3.America;V 4. Asia and Australia; V 5. Europe
650 ## - SUBJECT ADDED ENTRY--TOPICAL TERM
Topical Term Africa
650 ## - SUBJECT ADDED ENTRY--TOPICAL TERM
Topical Term Americas
650 ## - SUBJECT ADDED ENTRY--TOPICAL TERM
Topical Term Asia
650 ## - SUBJECT ADDED ENTRY--TOPICAL TERM
Topical Term Australia
650 ## - SUBJECT ADDED ENTRY--TOPICAL TERM
Topical Term Europe
650 ## - SUBJECT ADDED ENTRY--TOPICAL TERM
Topical Term United Nations
942 ## - ADDED ENTRY ELEMENTS (KOHA)
Koha item type Books
Holdings
Withdrawn status Lost status Damaged status Not for loan Home library Current library Date acquired Cost, normal purchase price Full call number Accession Number Koha item type
        RRII Library RRII Library 16/12/2021 1425.00 913(031)(100) SAC 14957 Books